[Event "Cochabamba op 1st"]
[Site "Cochabamba"]
[Date "2015.01.31"]
[Round "5"]
[White "Montano M, Jose"]
[Black "Borda, Cesar Armando"]
[Result "0-1"]
[WhiteElo "1887"]
[BlackElo "2003"]
[PlyCount "84"]
[EventDate "2015.01.29"]
[EventType "swiss"]
[EventRounds "7"]
[EventCountry "BOL"]
[SourceTitle "CBM 164 Extra"]
[Source "ChessBase"]
[SourceDate "2015.03.02"]
[SourceVersion "1"]
[SourceVersionDate "2015.03.02"]
[SourceQuality "1"]

1. c4 Nf6 2. Nc3 g6 3. Nf3 d5 4. cxd5 Nxd5 5. g3 Bg7 6. Bg2 Nxc3 7. bxc3 0-0 8. Bb2 c5 9. 0-0 Nc6 10. d3 e5 11. Qa4 Bd7 12. Qc2 Re8 13. Nd2 Qc7 14. Ba3 b6 15. Rac1 Rad8 16. e4 Bh6 17. Rce1 Be6 18. Bc1 Qd7 19. Nb3 Bxb3 20. Qxb3 Bxc1 21. Rxc1 Qxd3 22. Rfd1 Qa6 23. Rd5 Na5 24. Qa4 Qc4 25. Qxc4 Nxc4 26. Rcd1 Rxd5 27. Rxd5 Re7 28. Bf1 Na5 29. f3 f6 30. Bb5 Kf7 31. Kf2 Rc7 32. f4 exf4 33. gxf4 Ke7 34. h4 Nb7 35. Kf3 Nd6 36. Be2 f5 37. e5 Ne4 38. c4 Rd7 39. Ke3 Nc3 40. Rxd7+ Kxd7 41. a3 a6 42. h5 gxh5 0-1

[Event "Cochabamba op 1st"]
[Site "Cochabamba"]
[Date "2015.01.29"]
[Round "2"]
[White "Montano M, Jose"]
[Black "Castillo Yujra, Miguel Angel"]
[Result "1-0"]
[WhiteElo "1887"]
[BlackElo "2011"]
[PlyCount "96"]
[EventDate "2015.01.29"]
[EventType "swiss"]
[EventRounds "7"]
[EventCountry "BOL"]
[SourceTitle "CBM 164 Extra"]
[Source "ChessBase"]
[SourceDate "2015.03.02"]
[SourceVersion "1"]
[SourceVersionDate "2015.03.02"]
[SourceQuality "1"]

1. c4 Nf6 2. Nc3 g6 3. Nf3 Bg7 4. g3 d6 5. Bg2 0-0 6. 0-0 Nbd7 7. d4 e5 8. e4 c6 9. dxe5 dxe5 10. h3 Qc7 11. Be3 Rd8 12. Qe2 Bf8 13. Rfd1 Re8 14. a3 a5 15. Rac1 Bc5 16. Bxc5 Nxc5 17. b4 Na6 18. Qb2 Be6 19. b5 Nc5 20. Qe2 a4 21. Ng5 Nb3 22. Rb1 Nd7 23. Nxe6 Rxe6 24. Qe3 Nd4 25. f4 f6 26. Rb2 Nc5 27. h4 Rd6 28. f5 Kg7 29. g4 Qf7 30. Bf1 Qe7 31. g5 fxg5 32. hxg5 Kg8 33. f6 Qe6 34. Rh2 Rad8 35. Kh1 Qg4 36. Qh3 Qxh3 37. Rxh3 Nde6 38. Rxd6 Rxd6 39. Rg3 Rd4 40. Bh3 Nf4 41. Bf1 Nxe4 42. Nxe4 Rxe4 43. Kh2 c5 44. Bd3 Rd4 45. Bf1 Rd2+ 46. Kg1 Rd4 47. Kf2 Ne6 48. Rc3 Kf7 1-0